000 00287nam a22001337a 4500
008 181015b xxu||||| |||| 00| 0 eng d
020 _a9781285770951
041 _aeng
080 _a510
100 _a37
101 _aMAT
245 _aFinite Mathematics
_cTan.S.O
942 _2udc
_cBK
999 _c49637
_d49637